LEADER 00960nam a2200217 i 4500 001 000000208729 003 CaOOAMICUS 005 20111125000000.0 008 111125s1969 it u000 u ita u 013 $a187517 040 $aSeMil$bita 245 10$aScritti storici, letterari e filosofici /$ca cura di Paolo Spriano ; con due note di Franco Venturi e Vittorio Strada. 300 $aXXIII, 777 p. 700 1 $aGobetti, Piero,$d<1901-1926>.$0(OLS)http://semarc/name/11508 700 1 $aStrada, Vittorio <1929->.$0(OLS)http://semarc/name/17542 700 1 $aVenturi, Franco,$d<1914-1994>.$0(OLS)http://semarc/name/1350 700 1 $aSpriano, Paolo.$0(OLS)http://semarc/name/1239 773 0 $tOpere complete di Piero Gobetti.$dTorino : Einaudi, [1969]$g2$w()25883 850 $aSeMil 852 $aSeMil$W1$xVenegono$y1$m3U V 186$j159183$B159183$CSeMilBibl$Z2$F170248 $81 996 $6245$aScritti storici, letterari e filosofici$9(OLS)http://semarc/title/301795 LEADER 01055nam a2200265 i 4500 001 000000229600 003 CaOOAMICUS 005 20190403154420.0 008 140514s1969 it u000 u ita u 013 $a208502 040 $aSeMil$bita 100 1 $aCullmann, Oscar,$d<1902-1999>.$0(OLS)http://semarc/name/13511 240 13$aLe Nouveau Testament.$0(OLS)http://semarc/title/52429 245 10$aIntroduzione al Nuovo Testamento /$cOscar Cullmann. 250 $a2. Ed. 260 $aBologna :$bIl Mulino,$c1969. 300 $a162 p. ;$c22 cm. 490 0 $aSaggi ;$v73 650 4$aBibbia. Nuovo Testamento - Commentari, studi, critica, interpretazioni.$0(OLS)http://semarc/subject/184 830 0$aSaggi ;$v73.$0(OLS)http://semarc/title/341 850 $aSeMil 852 $aSeMil$W1$xVenegono$y1$m2Z I 224$j179946$B179946$CSeMilBibl$Z2$F191057 $81 996 $6245$aIntroduzione al Nuovo Testamento$9(OLS)http://semarc/title/1544 996 $6260$aBologna :$bIl Mulino$9(OLS)http://semarc/publisher/29842